Statistics for Most Guessed Countries on JetPunk

Click here to take the quiz!

General Stats

  • This quiz has been taken 44,979 times
    (43,662 since last reset)
  • The average score is 19 of 22

Answer Stats

Guessed Country % Correct
97%United States
100%
95%China
98%
96%Russia
98%
96%Canada
98%
94%United Kingdom
97%
94%France
97%
95%Mexico
96%
92%Germany
95%
94%Brazil
95%
94%Australia
94%
92%Japan
93%
93%Spain
93%
94%Italy
91%
92%India
89%
86%Argentina
84%
88%South Africa
79%
87%Egypt
78%
86%Sweden
72%
88%Ireland
71%
87%Portugal
71%
86%Chile
65%
87%Iceland
48%

Score Distribution

Percentile by Number Answered

Percent of People with Each Score

Your Score History

You have not taken this quiz since the last reset